Contemporary business strategies and models (Record no. 4021)

MARC details
000 -LEADER
fixed length control field 00419nam a22001457a 4500
008 - FIXED-LENGTH DATA ELEMENTS--GENERAL INFORMATION
fixed length control field 250701b |||||||| |||| 00| 0 eng d
020 ## - INTERNATIONAL STANDARD BOOK NUMBER
ISBN 9799789243426
100 ## - MAIN ENTRY--AUTHOR
Author Ezenwa Joe
245 ## - TITLE STATEMENT
Title Contemporary business strategies and models
260 ## - PUBLICATION, DISTRIBUTION, ETC. (IMPRINT)
Place of publication Lagos
Name of publisher Rockfield Nigeria limited
Date of publication 2012
300 ## - COLLATION
Pagination xiv, 386p.
Other physical details ill.
650 ## - TRACINGS
Main Subject Strategic planning
Subdivision (1st) Marketing management
942 ## - ADDED ENTRY ELEMENTS (KOHA)
Item type Books
050 ## - LIBRARY OF CONGRESS CALL NUMBER
Classification number .E94
Item number .E94
Holdings
Source of classification or shelving scheme Not for loan Permanent location Current location Date acquired Accession No. Full call number Barcode. Koha item type
Library of Congress Classification   Samuel Ogbemudia Main Library, University of Abuja Samuel Ogbemudia Main Library, University of Abuja 07/01/2025 2025/65031 HD30.28.E94 2025-2733 Books